|
|
|
|
| LEADER |
00000nam a2200000 a 4500 |
| 001 |
vtls010628133 |
| 003 |
SK-MaSNL |
| 005 |
20260302013423.0 |
| 008 |
250313s1981 xo a p 000 0 slo |
| 015 |
|
|
|a SNBA1981
|
| 035 |
|
|
|a 38DD65EC-AF5E-47A4-AA25-E49772934838
|
| 035 |
|
|
|a urn:nbn:sk:snk-amkd0g
|
| 035 |
|
|
|a urn:nbn:sk:snk-am008biw
|
| 040 |
|
|
|a SNK
|b slo
|c SNK
|e AACR2
|
| 041 |
1 |
|
|a slo
|h cze
|
| 044 |
|
|
|a xo
|c SK
|
| 080 |
|
|
|a 51(075.2)
|2 1981
|
| 100 |
1 |
|
|a Kabele, Jiří,
|d 1906-1983
|4 aut
|9 106737
|
| 245 |
1 |
0 |
|a Matematika pre 1. ročník základnej školy
|n 2. časť
|c Jiří Kabele, Marie Janků ; [ prel. z čes. orig.] ; ilustr. Karol Vodák
|
| 250 |
|
|
|a 4. vyd.
|
| 260 |
|
|
|a Bratislava
|b Slovenské pedagogické nakladateľstvo
|c 1981
|
| 300 |
|
|
|a 64 s.
|b sch.
|c 29 cm
|
| 366 |
|
|
|e 89890 výt.
|
| 500 |
|
|
|a Ilustr. na predsádkach a tit. liste. Schválilo MŠ SSR
|
| 650 |
0 |
7 |
|a matematika
|2 SNKPH
|9 70174
|
| 655 |
|
7 |
|a pracovné zošity
|2 SNKPH
|9 70188
|
| 700 |
1 |
|
|a Janků, Marie,
|4 aut
|9 44570
|
| 700 |
1 |
|
|a Vodák, Karel,
|d 1923-2000,
|4 ill
|9 218777
|
| 852 |
|
|
|a Slovenská národná knižnica
|
| 958 |
|
|
|a OND
|
| 999 |
|
|
|c 1012921
|d 1014851
|
| 952 |
|
|
|a SNK
|b SNK
|y PREZ
|7 0
|p 17A0987571
|o snkSB 30035/2
|i snkKSP 7181/81
|0 0
|1 0
|4 0
|d 2014-10-15
|f 1
|l 0
|r 2025-04-03 00:00:00
|w 2026-02-24
|